Представление документа в формате MARC21

Поле Инд. ПП Название Значение
Тип записи a
Библиографический уровень m
001 Контрольный номер DU/622305420
005 Дата корректировки 20251212093438.1
020 a ISBN 978-5-907024-42-7
084 a Индекс другой классификации/Индекс ББК 88.1(4Авс)6-736я43
090 a Полочн. индекс 88.1(4Авс)6-736я43
x Авторский знак Х 20
100 1_ a Автор Фрейд З.
q Полное имя Фрейд Зигмунд
100 1_ a Автор Адлер А.
q Полное имя Адлер Альфред
245 10 a Заглавие Характер и судьба. Можно ли разорвать цепь?
260 b Издательство Родина
a Место издания Москва
c Дата издания 2018
300 a Объем 240 с.
336 a Термин вида содержания Текст
337 a Термин типа средства непосредственный
440 _0 a Серия Метод Фрейда
505 0_ a Форматированное содержание Бессознательное в характере и судьбе
b Автор Фрейд З.
505 0_ a Форматированное содержание Характер и стиль жизни
b Автор Адлер А.
541 1_ a Номер заявки 8637
b Заявитель Хохлова Светлана Павловна
c Факультет/Кафедра/Подразделение Кафедра социологии и гуманитарных наук
d Дата заявки 05.05.2019
f Дисциплина Культурология
h Уровень подготовки Бакалавриат
n Количество экземпляров 2
650 04 a Основная рубрика история психологии; психология
653 0_ a Ключевые слова агрессивность
a Ключевые слова анальная эротика
a Ключевые слова бессознательное
a Ключевые слова влечения
a Ключевые слова воспитание
a Ключевые слова дефекация
a Ключевые слова комплекс неполноценности
a Ключевые слова комплексы
a Ключевые слова недостатки
a Ключевые слова родительское влияние
a Ключевые слова сновидения
a Ключевые слова стиль жизни
a Ключевые слова судьба
a Ключевые слова фантазии
a Ключевые слова формирование характера
a Ключевые слова характер
a Ключевые слова черты характера
a Ключевые слова чувства
a Ключевые слова эмоции
a Ключевые слова эротика
720 a Наименование подборки Конференция «Психология третьего тысячелетия»
e Признак/вид подборки Тематические подборки
720 a Наименование подборки К семинарам по культурологии
e Признак/вид подборки Тематические подборки
900 a Имя электронного ресурса obl_freid_xarakter_i_sudba
x Справочная информация Обложка
901 t Тип документа m
952 a Тип литературы для КСУ ВШ НАУ